100 great problems of elementary mathematics : (Record no. 12133)
[ view plain ]
| 000 -LEADER | |
|---|---|
| fixed length control field | 01351cam a22003131i 4500 |
| 001 - CONTROL NUMBER | |
| control field | 3586660 |
| 003 - CONTROL NUMBER IDENTIFIER | |
| control field | EG-ScBUE |
| 005 - DATE AND TIME OF LATEST TRANSACTION | |
| control field | 20240911103936.0 |
| 008 - FIXED-LENGTH DATA ELEMENTS--GENERAL INFORMATION | |
| fixed length control field | 800902t1965 nyua f 000 0 eng d |
| 040 ## - CATALOGING SOURCE | |
| Original cataloging agency | DLC |
| Language of cataloging | eng |
| Description conventions | rda |
| Transcribing agency | DLC |
| Modifying agency | DLC |
| -- | EG-ScBUE |
| 041 1# - LANGUAGE CODE | |
| Language code of text/sound track or separate title | eng |
| Language code of original and/or intermediate translations of text | ger |
| 082 04 - DEWEY DECIMAL CLASSIFICATION NUMBER | |
| Classification number | 510.76 |
| Edition number | 22 |
| Item number | DÖR |
| 100 1# - MAIN ENTRY--PERSONAL NAME | |
| Personal name | Dörrie, Heinrich, |
| Dates associated with a name | 1873-1955, |
| Relator term | author. |
| 9 (RLIN) | 7296 |
| 240 10 - UNIFORM TITLE | |
| Uniform title | <a href="Triumph der mathematik.">Triumph der mathematik.</a> |
| Language of a work | English |
| 245 10 - TITLE STATEMENT | |
| Title | 100 great problems of elementary mathematics : |
| Remainder of title | their history and solution / |
| Statement of responsibility, etc | by Heinrich Dörrie ; translated by David Antin. |
| 264 #1 - PUBLICATION, DISTRIBUTION, ETC. (IMPRINT) | |
| Place of publication, distribution, etc | New York : |
| Name of publisher, distributor, etc | Dover Publications, |
| Date of publication, distribution, etc | [1965] |
| 264 #4 - PUBLICATION, DISTRIBUTION, ETC. (IMPRINT) | |
| Date of publication, distribution, etc | c1965 |
| 300 ## - PHYSICAL DESCRIPTION | |
| Extent | x, 393 pages : |
| Other physical details | illustrations ; |
| Dimensions | 22 cm |
| 336 ## - CONTENT TYPE | |
| Source | rdacontent |
| Content type term | text |
| Content type code | txt |
| 337 ## - MEDIA TYPE | |
| Media type term | unmediated |
| Source | rdamedia |
| Media type code | n |
| 338 ## - CARRIER TYPE | |
| Carrier type term | volume |
| Carrier type code | nc |
| Source | rdacarrier |
| 500 ## - GENERAL NOTE | |
| General note | "A new translation of the unabridged text of the fifth edition ... published by the Physica-Verlag, W�urzburg, Germany, in 1958 under the title Triumph der Mathematik: Hundert ber�uhmte Probleme aus zwei Jahrtausenden mathematischer Kultur." |
| 546 ## - LANGUAGE NOTE | |
| Language note | Text in English ; translated from the original Germany.<br/> |
| 650 #7 - SUBJECT ADDED ENTRY--TOPICAL TERM | |
| Topical term or geographic name as entry element | Mathematical recreations. |
| Source of heading or term | BUEsh |
| 9 (RLIN) | 7298 |
| 650 #7 - SUBJECT ADDED ENTRY--TOPICAL TERM | |
| 9 (RLIN) | 7297 |
| Topical term or geographic name as entry element | Mathematics |
| General subdivision | Problems, exercises, etc. |
| Source of heading or term | BUEsh |
| 655 ## - INDEX TERM--GENRE/FORM | |
| Form subdivision | Reading book |
| 700 1# - ADDED ENTRY--PERSONAL NAME | |
| Personal name | Antin, David, |
| Relator term | translator. |
| 942 ## - ADDED ENTRY ELEMENTS (KOHA) | |
| Source of classification or shelving scheme | Dewey Decimal Classification |
| Koha item type | Book - Borrowing |
| Withdrawn status | Lost status | Source of classification or shelving scheme | Damaged status | Not for loan | Collection code | Home library | Current library | Shelving location | Date acquired | Source of acquisition | Total Checkouts | Full call number | Barcode | Date last seen | Date checked out | Price effective from | Koha item type |
|---|---|---|---|---|---|---|---|---|---|---|---|---|---|---|---|---|---|
| Dewey Decimal Classification | unknown | Central Library | Central Library | First floor | 30/06/2009 | Purchase | 2 | 510.76 DOR | 000017193 | 15/07/2025 | 21/11/2018 | 30/06/2009 | Book - Borrowing |